| 000 | 00410nam a22001697a 4500 | ||
|---|---|---|---|
| 005 | 20180323122356.0 | ||
| 008 | 160622b xxu||||| |||| 00| 0 eng d | ||
| 020 | _a0-07-096518-8 | ||
| 041 | _aeng | ||
| 082 |
_b8855 _a338.5024658 |
||
| 100 |
_aMote, V.L Paul Samul and Gupta G.S _92434 |
||
| 245 | _aManagerial Economics | ||
| 260 |
_bTMH _c1995 |
||
| 300 | _a350 | ||
| 650 |
_aManagement _9241 |
||
| 942 | _cBK | ||
| 999 |
_c3452 _d3451 |
||